Datum a čas kvízu
18
Celkem bodů
Celkový počet nahraných bodů na tomto kvízu bez doplňovacích otázek.
7.
Pořadí na kvízu
Konečné umístění týmu na tomto kvízu.
Zaznamenané odpovědi
| # | Otázka | Odpověď | Body | Výsledky |
|---|---|---|---|---|
| 1. | Na podzim by se měla změnit pr... | 1 | ||
| 2. | Čtyřiašedesátiletý Andrés Manu... | 1 | ||
| 3. | Do Karlových Varů v úterý přij... | 0 | ||
| 4. | Minulý týden jsme měli téma na... | 1 | ||
| 5. | Plzeňský fotbalista dostal od... | 0 | ||
| 6. | Ve kterém anglickém týmu působ... | 0 | ||
| 7. | Harry Jelínek byl známý podvod... | 1 | ||
| 8. | Napište adresu domu, který pat... | 0 | ||
| 9. | Americký prezident Harry Truma... | 0 | ||
| 10. | Se kterou hudební skupinou je... | 1 |